000
003370000a22001450004500
005
20250903143926.0
082
_a
582.16 TRE.03
100
_a
Bean, W J
245
_a
Trees and shrubs hardy in the British Isles.Vol.3
260
_a
London, John Murray
260
_c
1914
300
_a
664
650
_a
Trees and shrubs
942
_c
BK
999
_c
366656
_d
366656